[Event "43rd Open"]
[Site "Imperia ITA"]
[Date "2001.09.04"]
[Round "4"]
[White "Gross,Dav CZE"]
[Black "De Santis,A"]
[Result "0-1"]
[WhiteElo "2465"]
[BlackElo "2353"]

1.e4 c5 2.Nf3 e6 3.d4 cxd4 4.Nxd4 a6 5.Nc3 Qc7 6.f4 Nc6 7.Nxc6 Qxc6 8.Bd3 Bc5
9.Bd2 b5 10.Qg4 Kf8 11.Qh4 Bb7 12.O-O-O b4 13.Ne2 a5 14.Rhf1 a4 15.Kb1 Nf6
16.e5 Ne4 17.f5 Nxd2+ 18.Rxd2 a3 19.f6 g5 20.Qxg5 Ke8 21.b3 Qxg2 22.Ng3 Qc6
23.Be4 Qc7 24.Rfd1 Rd8 25.Bxb7 Qxb7 26.Nh5 Bf8 27.Rd3 Qe4 28.Rd4 Qc6 29.Rc4 Qf3
30.Qd2 d5 31.exd6 Bxd6 32.Ng7+ Kf8 33.Rd4 Qxf6 34.Nh5 Qe5 35.Qh6+ Ke7 36.Ng3 Bc5
37.Qh4+ f6 38.Qh6 Rxd4 39.Qg7+ Kd6  0-1

[Event "1st Sea Chess TCh"]
[Site "Kuala Lumpur MAI"]
[Date "2001.09.05"]
[Round "1"]
[White "Myo Naing"]
[Black "Teo Kok Siong"]
[Result "1-0"]
[WhiteElo "2413"]
[BlackElo "2308"]

1.e4 c5 2.Nf3 e6 3.d4 cxd4 4.Nxd4 a6 5.Nc3 Qc7 6.Bd3 Nc6 7.Be3 Bb4 8.O-O Bxc3
9.bxc3 Nf6 10.f4 d5 11.e5 Ne4 12.c4 Bd7 13.cxd5 exd5 14.c4 Nxd4 15.Bxd4 Bc6
16.cxd5 Bxd5 17.Rc1 Qd7 18.Qe2 Qa4 19.Qe3 Rd8 20.Rfd1 O-O 21.Bxe4 Qxa2 22.Rd2 Qa4
23.Bb6  1-0

[Event "EYCC G16"]
[Site "Halkidiki GRE"]
[Date "2001.09.06"]
[Round "6"]
[White "Machalova,V"]
[Black "Igla,B"]
[Result "0-1"]
[WhiteElo "2117"]
[BlackElo "2088"]

1.e4 c5 2.Nf3 e6 3.d4 cxd4 4.Nxd4 a6 5.Nc3 b5 6.Bd3 Qb6 7.Nb3 Qc7 8.f4 Bb7
9.O-O Nf6 10.Qf3 d6 11.a3 Nbd7 12.Qg3 h5 13.Bd2 h4 14.Qe1 h3 15.g3 Nc5 16.Qe2 Be7
17.Rae1 Nfd7 18.Nxc5 dxc5 19.e5 Nb6 20.Be4 Nd5 21.Nxd5 exd5 22.Bf3 O-O-O
23.f5 d4 24.Bf4 Qb6 25.f6 gxf6 26.exf6 Bd6 27.Bxd6 Rxd6 28.Bxb7+ Qxb7 29.Qe4 Qxe4
30.Rxe4 Rh6 31.Ref4 Re6 32.Rf5 c4 33.Rd5 c3 34.bxc3 dxc3 35.Rc5+ Kd7 36.Rxc3 Rhxf6
37.Rxf6 Rxf6 38.g4 Rf4 39.Rxh3 Rxg4+ 40.Kf2 Rc4 41.Rd3+ Ke6 42.Kg3 Rxc2 43.h4 Rc6
44.Kg4 Kf6 45.Rf3+ Kg7 46.Rd3 Rb6 47.Kg5 a5 48.h5 b4 49.axb4 axb4 50.Rb3 Rb5+
51.Kh4 Kh6 52.Kg4 f5+ 53.Kh4 Rb6 54.Kg3 Kxh5 55.Kf4 Rb5 56.Rh3+ Kg6 57.Rg3+ Kf6
58.Rb3 Ke6 59.Re3+ Kd6 60.Rd3+ Kc5  0-1

[Event "EYCC B14"]
[Site "Halkidiki GRE"]
[Date "2001.09.06"]
[Round "6"]
[White "Gonda,L"]
[Black "Kuparadze,G"]
[Result "1-0"]
[WhiteElo "2307"]
[BlackElo "2111"]

1.e4 c5 2.Nf3 e6 3.d4 cxd4 4.Nxd4 a6 5.Nc3 Qc7 6.Be2 Nc6 7.O-O Nf6 8.Be3 Bb4
9.Nxc6 Bxc3 10.bxc3 Qxc6 11.Bf3 e5 12.c4 d6 13.Bg5 Be6 14.Bxf6 gxf6 15.Re1 Bxc4
16.Bg4 Ke7 17.Qd2 h5 18.Bf5 Be6 19.Bxe6 fxe6 20.Rab1 Rac8 21.c4 Rc7 22.Red1 Rd7
23.Qe2 Qc5 24.Rb3 Rh7 25.Rdb1 Kd8 26.Rh3 Kc7 27.Rxh5 Rxh5 28.Qxh5 Qxc4 29.Qf3 b5
30.a3 Kb7 31.h4 d5 32.exd5 exd5 33.Qxf6 d4 34.Qxe5 d3 35.Qg3 d2 36.Qf3+ Ka7
37.Rd1 Rd3 38.Qe2 Rd4 39.Qe3 Kb7 40.h5 Qc2 41.Qe2 Qc6 42.g3 Qd6 43.Qf3+ Kc7
44.Qf7+ Kb6 45.Qg6 Qxg6 46.hxg6 Kc5 47.g7 Rg4 48.Rxd2 Rxg7 49.Kg2 Kc4 50.f4 a5
51.Kf3 b4 52.axb4 axb4 53.f5 Kc3 54.Re2 Rd7 55.Kf4 b3 56.f6 Rd1 57.g4 Rd4+
58.Kg5 Rd2 59.Re7 Rd5+ 60.Kg6 Rd4 61.Re3+ Kc2 62.Rxb3 Kxb3 63.g5 Kc4 64.f7 Rd6+
65.Kg7 Rd7 66.Kg8 Rd5 67.g6 Rg5 68.g7  1-0

[Event "EYCC B14"]
[Site "Halkidiki GRE"]
[Date "2001.09.07"]
[Round "7"]
[White "Vicol,D"]
[Black "Braun,A"]
[Result "1-0"]
[WhiteElo "2015"]
[BlackElo "2235"]

1.e4 c5 2.Nf3 e6 3.d4 cxd4 4.Nxd4 a6 5.Nc3 Qc7 6.Be3 Nf6 7.Be2 Nc6 8.O-O Bb4
9.Na4 Bd6 10.Nb6 Rb8 11.g3 O-O 12.Nc4 Be7 13.Nb5 axb5 14.Bb6 Qxb6 15.Nxb6 Nxe4
16.Bxb5 d5 17.Kg2 Bf6 18.c3 Ne5 19.Qe2 Nd6 20.f4 Nc6 21.Bd3 Bd8 22.Qf2 Ne4
23.Bxe4 dxe4 24.Rfe1 f5 25.Rad1 g5 26.Rd6 gxf4 27.gxf4 Bc7 28.Nxc8 Rbxc8
29.Rd7 Rf7 30.Rxf7 Kxf7 31.Qh4 Rg8+ 32.Kh1 Ne7 33.Rd1 Bb6 34.h3 Nd5 35.c4 Nf6
36.Rd2 Rg7 37.Rg2 e3 38.b4 Bd4 39.a4 Ne4 40.Rxg7+ Kxg7 41.Kg2 Kg6 42.Kf3 Nc3
43.Qe7 e2 44.Qxe6+ Bf6 45.a5 Kg7 46.b5 Bh4 47.a6 bxa6 48.bxa6 e1=Q 49.Qxe1 Bxe1
50.a7 Ne4 51.a8=Q Bc3 52.c5  1-0

[Event "EYCC G16"]
[Site "Halkidiki GRE"]
[Date "2001.09.07"]
[Round "7"]
[White "Zdebskaja,N"]
[Black "Kursova,M"]
[Result "1/2-1/2"]
[WhiteElo "2187"]
[BlackElo "2190"]

1.e4 c5 2.Nf3 e6 3.d4 cxd4 4.Nxd4 a6 5.Nc3 Qc7 6.g3 Bb4 7.Bd2 Nf6 8.Bg2 Nc6
9.Nb3 Be7 10.f4 d6 11.O-O O-O 12.g4 Nd7 13.g5 Re8 14.Rf3 Bf8 15.Rh3 g6 16.Qg4 Bg7
17.Qh4 Nf8 18.Nd1 e5 19.Rd3 exf4 20.Bxf4 Ne5 21.Bxe5 Bxe5 22.c3 Qb6+ 23.Kh1 Be6
24.Nd4 Bc4 25.Rd2 Qc5 26.Ne3 Be6 27.Ng4 Bxg4  1/2-1/2

[Event "5th Pablo Gorbea Mem Open"]
[Site "Madrid ESP"]
[Date "2001.09.07"]
[Round "2"]
[White "Enjuto Velasco,R"]
[Black "Georgiev,Vl"]
[Result "0-1"]
[WhiteElo "2145"]
[BlackElo "2584"]

1.e4 c5 2.Nf3 a6 3.Nc3 e6 4.d4 cxd4 5.Nxd4 b5 6.g3 Bb7 7.Bg2 b4 8.Na4 Nf6
9.O-O Nxe4 10.Re1 d5 11.Nxe6 fxe6 12.Qh5+ g6 13.Qe5 Qd7 14.Qxh8 Qxa4 15.f3 Nc5
16.Be3 Nbd7 17.Qxh7 Qxc2 18.Bh3 O-O-O 19.Bg5 Nd3 20.Rec1 Nxc1 21.Rxc1 Bc5+
22.Kh1 Qf2 23.Bxd8 Kxd8 24.Qxg6 d4  0-1

[Event "EYCC B14"]
[Site "Halkidiki GRE"]
[Date "2001.09.08"]
[Round "8"]
[White "Baramidze,D"]
[Black "Papin,V"]
[Result "1-0"]
[WhiteElo "2338"]
[BlackElo "2121"]

1.e4 c5 2.Nf3 e6 3.d4 cxd4 4.Nxd4 a6 5.Nc3 Qc7 6.f4 d6 7.Be3 Nf6 8.Be2 Be7
9.Bf3 Nbd7 10.Qd2 Rb8 11.g4 O-O 12.g5 Ne8 13.O-O-O b5 14.h4 Nb6 15.b3 Bb7
16.g6 hxg6 17.h5 g5 18.h6 g6 19.f5 gxf5 20.Bxg5 Kh7 21.Rdg1 Rg8 22.Bxe7 Rxg1+
23.Rxg1 Qxe7 24.Qg2 Qf8 25.exf5 Bxf3 26.Nxf3 e5 27.Ne4 Rc8 28.Nfg5+ Kh8 29.h7 Ng7
30.Nxd6 Rc7 31.f6  1-0

[Event "5th Pablo Gorbea Mem Open"]
[Site "Madrid ESP"]
[Date "2001.09.09"]
[Round "3"]
[White "Del Rio Angelis,S"]
[Black "Sanchez Quiroga,M"]
[Result "1-0"]
[WhiteElo "2484"]
[BlackElo "2233"]

1.e4 c5 2.Nf3 e6 3.d4 cxd4 4.Nxd4 a6 5.Nc3 b5 6.Bd3 Bc5 7.Nb3 Be7 8.Qg4 g6
9.e5 Nc6 10.Qg3 d6 11.exd6 Bxd6 12.Bf4 e5 13.Bg5 f6 14.Be4 Bb7 15.Qf3 Rc8
16.Bd5 Be7 17.O-O-O Qc7 18.Kb1 b4 19.Ne4 Nd4 20.Rxd4 exd4 21.Bxb7 Qxc2+ 22.Ka1 fxg5
23.Bxc8 Qxc8 24.Nxd4 Qc4 25.Rd1 h5 26.Qg3 Qd5 27.Qf3 g4 28.Qe2 Kf7 29.Nb3 Qe6
30.Nbc5 Qe5 31.Qc4+ Kg7 32.Ne6+ Kh6 33.Qc1+ g5 34.N4xg5 Kg6 35.Nf4+ Kg7 36.Nge6+ Kf7
37.Rd5 Qe4 38.f3  1-0

[Event "ch-UKR"]
[Site "Ordzhonikidze UKR"]
[Date "2001.09.10"]
[Round "3"]
[White "Efimenko,Z"]
[Black "Goloshchapov,A"]
[Result "1/2-1/2"]
[WhiteElo "2495"]
[BlackElo "2550"]

1.e4 c5 2.Nf3 e6 3.Nc3 a6 4.d4 cxd4 5.Nxd4 Qc7 6.Be2 Nc6 7.O-O b5 8.Nxc6 dxc6
9.Be3 Bb7 10.f4 Be7 11.Qe1 b4 12.Na4 c5 13.c3 Qa5 14.b3 Nf6 15.e5 Nd5 16.Bf3 O-O
17.Bd2 Qc7 18.cxb4 cxb4 19.Rc1 Qd7 20.Qf2 Rac8 21.Rxc8 Rxc8 22.Bxd5 Qxd5
23.Nb6 Bc5 24.Nxd5 Bxf2+ 25.Rxf2 Bxd5 26.Bxb4 Rc1+ 27.Rf1 Rc2 28.Rf2  1/2-1/2

[Event "ch-UKR"]
[Site "Ordzhonikidze UKR"]
[Date "2001.09.10"]
[Round "3"]
[White "Areshchenko,A"]
[Black "Zubarev,A1"]
[Result "1/2-1/2"]
[WhiteElo "2462"]
[BlackElo "2470"]

1.e4 c5 2.Nf3 e6 3.d4 cxd4 4.Nxd4 a6 5.Nc3 Nc6 6.Be2 Nge7 7.Be3 Ng6 8.O-O Be7
9.f4 O-O 10.Nb3 Qc7 11.a4 b6 12.Qe1 Na5 13.Qf2 Rb8 14.Nd2 f6 15.Bd3 Bc5 16.Rae1 Nc6
17.Bc4 Nb4 18.Bb3 Kh8 19.Kh1 Bb7 20.Nc4 f5 21.Bxc5 bxc5 22.e5 Nd5 23.Ne2 Ba8
24.a5 Qc6 25.Rg1 Rb4 26.Ra1 h6 27.Ra3 Kh7 28.h4 Qb5 29.Nd6 Qb8 30.Bxd5 Bxd5
31.h5 Ne7 32.Qxc5 Rxb2 33.Rg3 Rg8 34.Kh2 Nc8 35.Nxf5 Rb5 36.Qd4 Rb4 37.Qd2 Rb2
38.Ne3 Ne7 39.Qd3+ Kh8 40.Nxd5 Nxd5 41.c4 Nb4 42.Qe4 Nc6 43.Rd1 Nxa5 44.Nd4 Qe8
45.Rg6 Qa8 46.Qd3 Qf8 47.f5 Qc5 48.Qe3 Kh7 49.Qf4 Nxc4 50.Nxe6 Qxe5 51.Rxd7 Qxf4+
52.Nxf4 Ne5 53.Ra7  1/2-1/2

[Event "TCh-CRO"]
[Site "Pula CRO"]
[Date "2001.09.10"]
[Round "1"]
[White "Milu,R"]
[Black "Sulava,N"]
[Result "0-1"]
[WhiteElo "2475"]
[BlackElo "2531"]

1.e4 c5 2.Nf3 e6 3.d4 cxd4 4.Nxd4 a6 5.Nc3 b5 6.Bd3 Bc5 7.Be3 Qb6 8.Qg4 Bxd4
9.e5 Nc6 10.Qxg7 Bxe5 11.Qxe5 Nxe5 12.Bxb6 Bb7 13.Bd4 f6 14.Ne4 Bxe4 15.Bxe4 d5
16.Bxe5 fxe5 17.Bd3 e4 18.Be2 Nf6 19.c3 Kd7 20.a4 b4 21.Kd2 bxc3+ 22.bxc3 Rhg8
23.g3 Kc7 24.Rab1 Nd7 25.a5 Rgf8 26.Rhf1 Nc5 27.Rb6 Rab8 28.Bxa6 Nxa6 29.Rxa6 Rb2+
30.Kc1 Rfb8 31.Rb6 R2xb6 32.axb6+ Kxb6 33.f3 Rf8 34.f4 Kc5 35.Kc2 Ra8 36.f5 exf5
37.Rxf5 Kc4 38.Rh5 Ra2+ 39.Kd1 d4 40.cxd4 Kd3  0-1

[Event "TCh-CRO Women"]
[Site "Pula CRO"]
[Date "2001.09.11"]
[Round "2"]
[White "Kaps,D"]
[Black "Belamaric,T"]
[Result "1/2-1/2"]
[WhiteElo "2221"]
[BlackElo "2150"]

1.e4 c5 2.Nf3 e6 3.d4 cxd4 4.Nxd4 a6 5.Nc3 Qc7 6.Bd3 Nc6 7.Nde2 Nf6 8.Bf4 d6
9.O-O Be7 10.Ng3 h5 11.h4 Ne5 12.Be2 g6 13.Qd2 Bd7 14.Rad1 Nh7 15.Bh6 O-O-O
16.f4 Qc5+ 17.Kh2 Ng4+ 18.Bxg4 hxg4 19.Bg7 Rhg8 20.Bd4 Qc6 21.Bf2 Bxh4 22.Qxd6 Qxd6
23.Rxd6 Be7 24.Rd4 Bc6 25.Nce2 Nf6 26.e5 Nh5 27.Rfd1 Ng7 28.Rxd8+ Rxd8 29.Rxd8+ Bxd8
30.Bc5 Nf5 31.Nxf5 gxf5 32.Nd4 Bd5 33.a4 Kd7 34.b3 f6 35.c4 Be4 36.Bd6 fxe5
37.Bxe5 Ba5 38.Kg1 Bd2 39.Kf2 Bc3 40.Ne2 Bd2 41.Nc3 Bc2 42.b4 a5 43.bxa5 Kc6  1/2-1/2

[Event "5th Pablo Gorbea Mem Open"]
[Site "Madrid ESP"]
[Date "2001.09.12"]
[Round "6"]
[White "Morales,Jo"]
[Black "Korneev,O"]
[Result "0-1"]
[WhiteElo "2354"]
[BlackElo "2572"]

1.e4 c5 2.Nf3 e6 3.d4 cxd4 4.Nxd4 a6 5.Nc3 Qc7 6.Be2 b5 7.O-O Bb7 8.Bf3 Nc6
9.Nxc6 dxc6 10.Qe2 Bd6 11.Kh1 Nf6 12.Bg5 Be5 13.Rfe1 Nd7 14.Be3 c5 15.a4 b4
16.Nd1 a5 17.c3 Ba6 18.Qc2 O-O 19.Rc1 c4 20.Bd4 Rfd8 21.g3 Bxd4 22.cxd4 Nb6
23.e5 Bb7 24.Bxb7 Qxb7+ 25.Qe4 Qd5 26.Qxd5 Rxd5  0-1

[Event "ch-UKR"]
[Site "Ordzhonikidze UKR"]
[Date "2001.09.16"]
[Round "9"]
[White "Kozakov,M"]
[Black "Rogovski,V"]
[Result "1-0"]
[WhiteElo "2496"]
[BlackElo "2443"]

1.e4 c5 2.Nf3 e6 3.d4 cxd4 4.Nxd4 a6 5.Nc3 Qc7 6.Bd3 Nf6 7.O-O Nc6 8.Be3 Ne5
9.h3 d6 10.f4 Ng6 11.Kh1 Be7 12.Qf3 O-O 13.Rae1 Bd7 14.Bg1 e5 15.Nde2 exf4
16.Nxf4 Ne5 17.Qg3 Be6 18.Bd4 Kh8 19.Ncd5 Bxd5 20.Nxd5 Nxd5 21.exd5 f6 22.Rf4 Kg8
23.Rh4 Nxd3 24.Qxd3 f5 25.Rf4 g6 26.Re6 Rf7 27.c4 Bf8 28.Rf1 Rc8 29.b3 Qa5
30.Rfe1 b5 31.Bc3 Qb6 32.Bb2 Bg7 33.Ba3 b4 34.Bc1 f4 35.Re8+ Rxe8 36.Rxe8+ Bf8
37.Re2 Bg7 38.Re8+ Bf8 39.Qe2 Qa7 40.Kh2 a5 41.Re4 g5 42.Bb2 Qd7 43.Re6 Rf5
44.Qe4 Rf7 45.Bf6 Bh6 46.Re8+ Bf8 47.Bxg5 Kg7 48.Re6 f3 49.gxf3 Qa7 50.Be3 Qd7
51.Bh6+ Kh8 52.Re8  1-0

[Event "Boca Open"]
[Site "Buenos Aires ARG"]
[Date "2001.09.19"]
[Round "3"]
[White "Zarnicki,P"]
[Black "Garcia,Rai"]
[Result "1/2-1/2"]
[WhiteElo "2487"]
[BlackElo "2368"]

1.e4 c5 2.Nf3 e6 3.d4 cxd4 4.Nxd4 a6 5.Nc3 b5 6.Bd3 Qb6 7.Nf3 Nc6 8.e5 f5
9.O-O Nge7 10.h4 Qb8 11.Re1 Bb7 12.a3 Nd8 13.Bf4 Qc8 14.Qe2 Ng6 15.Bg3 h5
16.Rad1 Be7 17.Nd4 Nf8 18.Qd2 g6 19.a4 b4 20.Na2 Nc6 21.Ne2 Qd8 22.Nf4 g5
23.hxg5 Bxg5 24.Bc4 h4 25.Bh2 Qe7 26.Qd6 Qxd6 27.exd6 Kf7 28.Nd3 Na5 29.Ne5+ Ke8
30.Bd3 Rg8 31.f3 Bf6 32.Kf2 h3 33.g3 Bxe5 34.Rxe5 Nc6 35.Re3 Kf7 36.Nc1 Nh7
37.Nb3 Nf6 38.Bf1 Rh8 39.Nc5 Bc8 40.Bc4 Na5 41.Ba2 Rb8 42.Rd4 b3 43.Nxb3 Nc6
44.Rd2 Nb4 45.Bb1 Nbd5 46.Re1 Rb4 47.Rd4 Rxd4 48.Nxd4 Rh7 49.c3 Rh8 50.Re2 Nb6
51.a5 Nc4 52.b4 Nd5 53.Bd3  1/2-1/2

[Event "6th ECCW"]
[Site "Belgrade YUG"]
[Date "2001.09.22"]
[Round "7"]
[White "Grosar,K"]
[Black "Stepovaia Dianchenko,T"]
[Result "0-1"]
[WhiteElo "2220"]
[BlackElo "2451"]

1.e4 c5 2.Nf3 e6 3.d4 cxd4 4.Nxd4 a6 5.Nc3 b5 6.Bd3 Bb7 7.O-O Qb6 8.Nb3 Qc7
9.f4 d6 10.f5 e5 11.Be3 Nf6 12.Qf3 Nbd7 13.g4 b4 14.Nd5 Nxd5 15.exd5 Nf6
16.Be4 Rc8 17.Rfd1 Be7 18.Rac1 Qc4 19.Nd2 Qxa2 20.g5 Nxe4 21.Nxe4 Qc4 22.b3 Qc7
23.f6 gxf6 24.gxf6 Rg8+ 25.Kh1 Bf8 26.h4 Qd7 27.Nf2 Rc3 28.Ne4 Rc8 29.Nf2 Qb5
30.Kh2 Rc3 31.Ne4 Rc7 32.Ng3 Bc8 33.Rg1 Rg4 34.Nf5 Bxf5 35.Rxg4 Bxg4 36.Qxg4 Qxd5
37.Qe2 Qe6 38.Qf2 Rc3 39.Bd2 Rf3 40.Qe1 Qg4  0-1

[Event "Battle of Crete Rapid"]
[Site "Panormo GRE"]
[Date "2001.09.22"]
[Round "9"]
[White "Zahariev,Z"]
[Black "Stepak,Y"]
[Result "1-0"]
[WhiteElo "2401"]
[BlackElo "2265"]

1.e4 c5 2.Nf3 e6 3.Nc3 a6 4.d4 cxd4 5.Nxd4 Qc7 6.Bd3 Nf6 7.O-O b5 8.Qe2 Bd6
9.Ndxb5 axb5 10.Nxb5 Bxh2+ 11.Kh1 Qc6 12.Kxh2 e5 13.Kg1 Na6 14.Bg5 Bb7 15.Nc3 Nc5
16.Bb5 Qb6 17.Bxf6 gxf6 18.Rfd1 Bc6 19.a4 Ne6 20.Qg4 Ke7 21.Nd5+ Bxd5 22.Rxd5 d6
23.Rad1 h5 24.Qh4 Rad8 25.c4 Nf4 26.c5 dxc5 27.Rd7+ Rxd7 28.Rxd7+ Kf8 29.Bc4 Rh7
30.g3 Rg7 31.Rxf7+ Rxf7 32.Bxf7 Ne2+ 33.Kg2 Kxf7 34.Qxh5+ Ke7 35.Qxe2 Qb4
36.Qc2 c4 37.a5 Kd6 38.a6 Kc7 39.Qc3 Qb5 40.Qa3 Kb8 41.Qd6+ Ka7 42.Qxf6 Qxb2
43.Qf7+ Kxa6 44.Qxc4+ Kb6 45.Qd5 Kc7 46.g4 Kb6 47.g5 Qe2 48.Qd6+ Kb7 49.Qxe5 Kc8
50.Qf5+ Kd8 51.g6 Qb2 52.Qf8+ Kd7 53.Qf7+ Kd6 54.g7 Qc2 55.Qf6+ Kd7 56.Qf5+ Ke8  1-0

[Event "ch-Africa"]
[Site "Cairo EGY"]
[Date "2001.09.23"]
[Round "8"]
[White "Gwaze,R"]
[Black "Henni,M"]
[Result "1-0"]
[WhiteElo "2287"]
[BlackElo "2314"]

1.e4 c5 2.Nf3 e6 3.d4 cxd4 4.Nxd4 a6 5.Nc3 Qc7 6.Be2 Bb4 7.O-O Nf6 8.Qd3 Nc6
9.Kh1 Be7 10.Nxc6 bxc6 11.f4 d5 12.b3 O-O 13.Bb2 Bb7 14.e5 Nd7 15.Qh3 Rfe8
16.f5 Nxe5 17.fxe6 f6 18.Bh5 g6 19.Rae1 Rf8 20.Bd1 Bd6 21.Ne2 Qe7 22.Nd4 Rae8
23.Bg4 Bc8 24.Bc1 c5 25.Ne2 Nxg4 26.Qxg4 Qxe6 27.Qa4 Qg4 28.Qxg4 Bxg4 29.Nc3 Be6
30.Bh6 Rf7 31.Nxd5 Be5 32.Nf4 Bd7 33.Nd3 Bd4 34.Rxe8+ Bxe8 35.Bd2 Bb5 36.c4 Bc6
37.Be1 Be4 38.Nf4 Rd7 39.Ne6 Bd3 40.Rf3 Re7 41.Rxd3 Rxe6 42.Bd2 Re4 43.h3 h5
44.Bc3 Kf7 45.Bxd4 cxd4 46.Kg1 Ke6 47.Kf2 Ke5 48.b4 a5 49.bxa5 Kd6 50.a6 Kc5
51.a7 Re8 52.Ra3 Ra8 53.Ra4 f5 54.h4 Kd6 55.Ra5 Kc6 56.Ke2 Kb6 57.Ra4 Kc5
58.Kd3  1-0

[Event "ch-HUN Women"]
[Site "Budapest HUN"]
[Date "2001.09.24"]
[Round "4"]
[White "Dembo,Y"]
[Black "Gara,T"]
[Result "1-0"]
[WhiteElo "2391"]
[BlackElo "2381"]

1.e4 c5 2.Nf3 e6 3.d4 cxd4 4.Nxd4 a6 5.Nc3 b5 6.Bd3 Qb6 7.Nb3 Qc7 8.O-O Bb7
9.Qe2 b4 10.Nd1 d6 11.c3 bxc3 12.Nxc3 Nd7 13.Bd2 Ne5 14.Rac1 Nxd3 15.Nd5 Qd7
16.Nc7+ Ke7 17.Qxd3 Rc8 18.Nxa6 Nf6 19.f3 g6 20.Rfd1 Bg7 21.Bb4 Rhd8 22.e5 Nd5
23.Bxd6+ Ke8 24.Nac5  1-0

[Event "ECC"]
[Site "Panormo GRE"]
[Date "2001.09.24"]
[Round "2"]
[White "Litvinov,Vl"]
[Black "Stamenkov,V"]
[Result "1-0"]
[WhiteElo "2317"]
[BlackElo "2378"]

1.e4 c5 2.Nf3 e6 3.d4 cxd4 4.Nxd4 a6 5.Nc3 b5 6.Bd3 Qb6 7.Nb3 Qc7 8.O-O Bb7
9.a4 b4 10.Na2 Nf6 11.Qe2 d5 12.e5 Ne4 13.f3 Nc5 14.Nxc5 Bxc5+ 15.Be3 Nd7
16.f4 O-O 17.Bxc5 Qxc5+ 18.Kh1 d4 19.Nc1 Rac8 20.Nb3 Qd5 21.Rad1 Nc5 22.Bc4 Qe4
23.Qxe4 Bxe4 24.Nxc5 Rxc5 25.Rxd4 Bxc2 26.Bxa6 b3 27.Rc1 g5 28.fxg5 Rxe5
29.h4 Rd5 30.Rxd5 exd5 31.Bb7 d4 32.a5 d3 33.a6 d2 34.Rg1 d1=Q 35.Rxd1 Bxd1
36.a7 Kg7 37.a8=Q Rxa8 38.Bxa8 f6 39.gxf6+ Kxf6 40.Kg1 Ke5 41.Kf2 Kd4 42.Ke1 Bg4
43.Kd2 Be6 44.Bf3 Bf7 45.Bd1 Be6 46.Be2 Bf5 47.g4 Be4 48.g5 Bf5 49.h5 Be4
50.Bd1 Bd5 51.h6 Bf7 52.g6 Bxg6 53.Bxb3 Bf5 54.Bc2 Bxc2 55.Kxc2 Kc4 56.b3+ Kb4
57.Kb2 Kb5 58.Kc3 Kc5 59.b4+ Kb5 60.Kb3 Kb6 61.Kc4 Kc6 62.b5+ Kb6 63.Kb4 Kb7
64.Kc5 Kc7 65.Kd5 Kb6 66.Ke6 Kxb5 67.Kf7 Kc6 68.Kg7 Kd7 69.Kxh7  1-0

[Event "ECC"]
[Site "Panormo GRE"]
[Date "2001.09.25"]
[Round "3"]
[White "Ahn,M"]
[Black "Arnason,J"]
[Result "1/2-1/2"]
[WhiteElo "2340"]
[BlackElo "2528"]

1.e4 c5 2.Nf3 e6 3.d4 cxd4 4.Nxd4 a6 5.Nc3 d6 6.Be3 b5 7.Bd3 Bb7 8.O-O Nd7
9.f4 Ngf6 10.a3 Nc5 11.Qf3 Be7 12.Rae1 Qc7 13.Kh1 O-O 14.Qh3 Rad8 15.Rf3 Kh8
16.Bf2 d5 17.e5 Nfe4 18.Bh4 Nxd3 19.cxd3 Nxc3 20.Rc1 Rc8 21.Rxc3 Qd8 22.Rxc8 Qxc8
23.Rf1 Bxh4 24.Qxh4 Qc5 25.f5 exf5 26.Nxf5 Bc8 27.Nxg7 Kxg7  1/2-1/2

[Event "ECC"]
[Site "Panormo GRE"]
[Date "2001.09.25"]
[Round "3"]
[White "Andonovski,L"]
[Black "Colovic,A"]
[Result "1-0"]
[WhiteElo "2335"]
[BlackElo "2384"]

1.e4 c5 2.Nf3 e6 3.Nc3 a6 4.d4 cxd4 5.Nxd4 b5 6.Bd3 Qb6 7.Be3 Bc5 8.Be2 Ne7
9.a4 b4 10.a5 Qc7 11.Na4 d6 12.Nxc5 dxc5 13.Nb3 Nd7 14.Nd2 Bb7 15.Nc4 O-O
16.f3 Rfd8 17.Qd6 Qxd6 18.Nxd6 Bc6 19.Kf2 Nc8 20.Rhd1 Kf8 21.Nc4 Ke8 22.Rd2 Bb5
23.Rad1 Bxc4 24.Bxc4 Ne7 25.Rd6 Ne5 26.Rxd8+ Rxd8 27.Rxd8+ Kxd8 28.Bxa6 N7c6
29.Bxc5 Nd7 30.Bb5 Nxc5 31.Bxc6 Kc7 32.Bb5 e5 33.Ke3 f6 34.b3 Nb7 35.a6 Nc5
36.Kd2 Kb6 37.Bc4 Nd7 38.c3 bxc3+ 39.Kxc3 Nb8 40.Bb5  1-0

[Event "ECC"]
[Site "Panormo GRE"]
[Date "2001.09.26"]
[Round "4"]
[White "Borik,O"]
[Black "Petkovski,V"]
[Result "1-0"]
[WhiteElo "2419"]
[BlackElo "2250"]

1.Nf3 c5 2.e4 e6 3.d4 cxd4 4.Nxd4 a6 5.Nc3 Qc7 6.Be2 b5 7.f4 b4 8.Na4 Bb7
9.Bf3 Nf6 10.Qe2 Nc6 11.Nb3 d6 12.Be3 Nd7 13.c3 a5 14.Rc1 Be7 15.O-O O-O
16.Rfd1 Ba6 17.Qf2 Rfb8 18.c4 h6 19.c5 Bb5 20.cxd6 Bxd6 21.Qd2 Bf8 22.Qxd7 Qxd7
23.Rxd7 Bxa4 24.Rc7 Ne7 25.Ba7 Rc8 26.e5 Rxc7 27.Rxc7 Nd5 28.Bxd5 exd5 29.Kf1 Bb5+
30.Ke1 a4 31.Nd4 Bd3 32.Kd2 Bb1 33.e6 fxe6 34.Nxe6 Bxa2 35.Bd4 Ra6 36.f5 Ra8
37.Nxf8 Kxf8 38.Bxg7+ Ke8 39.Bd4 Bb1 40.f6 Bg6 41.Re7+ Kf8 42.Bc5 Ra5 43.Bxb4  1-0

[Event "ch-HUN Women"]
[Site "Budapest HUN"]
[Date "2001.09.28"]
[Round "8"]
[White "Dembo,Y"]
[Black "Grabics,M"]
[Result "1/2-1/2"]
[WhiteElo "2391"]
[BlackElo "2295"]

1.e4 c5 2.Nf3 e6 3.d4 cxd4 4.Nxd4 a6 5.Nc3 b5 6.Bd3 Bb7 7.O-O d6 8.Qe2 Nf6
9.a3 Nbd7 10.Kh1 Be7 11.f4 Nc5 12.b4 Nxd3 13.cxd3 O-O 14.Be3 Qd7 15.Nb3 Rac8
16.Rac1 Ba8 17.Rc2 Rfe8 18.Rfc1 h5 19.Nd1 g6 20.Bb6 Rxc2 21.Qxc2 Bb7 22.Na5 Rc8
23.Qd2 Rxc1 24.Qxc1 Qc8 25.Qxc8+ Bxc8 26.Nc6 Kf8  1/2-1/2

[Event "Tatry Open"]
[Site "High Tatras SVK"]
[Date "2001.09.30"]
[Round "2"]
[White "Frindt,K"]
[Black "Manik,M"]
[Result "1/2-1/2"]
[WhiteElo "2152"]
[BlackElo "2414"]

1.e4 c5 2.Nf3 e6 3.Nc3 a6 4.d4 cxd4 5.Nxd4 Qc7 6.g3 Nf6 7.Bg2 Nc6 8.O-O d6
9.Nce2 Nxd4 10.Nxd4 Be7 11.Qd3 Nd7 12.f4 O-O 13.Kh1 Re8 14.c3 Bf8 15.Bd2 b5
16.e5 Bb7 17.exd6 Bxd6 18.Bxb7 Qxb7+ 19.Qf3 Qxf3+ 20.Nxf3 Nc5 21.Rad1 Red8
22.Be3 Na4 23.Rd2 Be7 24.Rxd8+ Rxd8 25.Bc1 Bf6 26.Kg2 a5 27.Rf2 Rd1 28.Rc2 Nc5
29.c4 Nd3 30.Bd2 b4 31.c5 Bd8 32.b3 Kf8 33.c6 Bc7 34.Rc4 Ra1 35.Rc2 Rd1 36.Be3 Ke8
37.Re2 Nc1 38.Rc2 Nd3  1/2-1/2

[Event "ch-POL w"]
[Site "Brzeg Dolny POL"]
[Date "2001.10.01"]
[Round "7"]
[White "Toma,K"]
[Black "Blimke,D"]
[Result "1/2-1/2"]
[WhiteElo "2174"]
[BlackElo "2206"]

1.e4 c5 2.Nf3 e6 3.d4 cxd4 4.Nxd4 a6 5.Nc3 Qc7 6.Bd3 Nc6 7.Be3 Nf6 8.O-O b5
9.a3 Bb7 10.Kh1 h5 11.f4 Ng4 12.Bg1 Nxd4 13.Bxd4 Bc5 14.Bxc5 Qxc5 15.Qe2 g5
16.Rae1 gxf4 17.Rxf4 Qg5 18.Ref1 Qh4 19.g3 Qg5 20.Bxb5 f5 21.Bxd7+ Kxd7 22.Rd1+ Kc7
23.Qc4+ Kb8 24.Qxe6 Qf6 25.Qb3 h4 26.Nd5 Qe5 27.h3 hxg3 28.Qxg3 Nf6 29.Nxf6 Rxh3+
30.Qxh3 Qxf4 31.Qh2 Qxh2+ 32.Kxh2 fxe4 33.Rd8+ Bc8 34.Nxe4 Kc7 35.Rh8 Rb8
36.b3 Rb6 37.Rh7+ Kb8 38.Nc5 Rc6 39.b4 Rd6 40.Kg3 Bf5 41.Rh8+ Ka7 42.c3 Bd3
43.Kf4 Bc4 44.Rc8 Bb5 45.a4 Bc6 46.Rc7+ Kb6 47.Re7 a5 48.Re5 axb4 49.a5+ Ka7
50.cxb4 Rd4+ 51.Ke3 Rxb4 52.Re7+ Ka8 53.a6 Rc4 54.Ne6 Ra4 55.Kd2 Kb8 56.Nc5 Ra5
57.Re5 Ra2+ 58.Kc3 Bb5 59.Kb3 Ra1 60.Kb2 Ra5 61.Kc3 Ra1 62.Nb3 Rxa6 63.Rxb5+  1/2-1/2

[Event "Tatry Open"]
[Site "High Tatras SVK"]
[Date "2001.10.01"]
[Round "4"]
[White "Mikita,J"]
[Black "Langner,L"]
[Result "1/2-1/2"]
[WhiteElo "2179"]
[BlackElo "2387"]

1.e4 c5 2.Nf3 e6 3.d4 cxd4 4.Nxd4 a6 5.Nc3 b5 6.Be3 Qc7 7.Bd3 Bb7 8.O-O Nf6
9.a3 b4 10.axb4 Bxb4 11.Ra4 Bxc3 12.Rc4 Qd8 13.Rxc3 Nxe4 14.Bxe4 Bxe4 15.Qg4 Bg6
16.f4 O-O 17.f5 exf5 18.Nxf5 Nc6 19.Nd6 Rb8 20.Bc5 Ne5 21.Qf4 f6 22.b4 a5
23.b5 h5 24.Qd4 Bf7  1/2-1/2

[Event "ch-SLO"]
[Site "Grize SLO"]
[Date "2001.10.02"]
[Round "2"]
[White "Podlesnik,B"]
[Black "Sakelsek,T"]
[Result "1-0"]
[WhiteElo "2393"]
[BlackElo "2202"]

1.e4 c5 2.Nc3 e6 3.Nf3 a6 4.d4 cxd4 5.Nxd4 b5 6.Bd3 Qb6 7.Nb3 d6 8.f4 Bb7
9.Qf3 Nf6 10.Be3 Qc7 11.g4 b4 12.Ne2 d5 13.Ng3 Nbd7 14.Bd4 e5 15.fxe5 Nxe5
16.Bxe5 Qxe5 17.O-O-O Qg5+ 18.Kb1 Qxg4 19.Qe3 dxe4 20.Nc5 Bxc5 21.Qxc5 Qc8
22.Qxb4 Nd5 23.Qd6 Nf6 24.Rhe1 Qe6 25.Bxe4 Nxe4 26.Nxe4 Bxe4 27.Qxe6+ fxe6
28.Rxe4 O-O 29.Rxe6 Rf2 30.h4 Rh2 31.Re4 Rc8 32.Rc1 Rc6 33.b3 Kf7 34.Kb2 Kg6
35.b4 Kf5 36.Rd4 g6 37.Kb3 Rh3+ 38.c3 Rf3 39.a4 h6 40.b5 Re6 41.Kb4 g5 42.hxg5 hxg5
43.c4 g4 44.c5 g3 45.c6 g2 46.c7 Re8 47.Rd8  1-0

[Event "ch-POL w"]
[Site "Brzeg Dolny POL"]
[Date "2001.10.03"]
[Round "9"]
[White "Toma,K"]
[Black "Andrzejewska,E"]
[Result "0-1"]
[WhiteElo "2174"]
[BlackElo "2216"]

1.e4 c5 2.Nc3 e6 3.Nf3 a6 4.d4 cxd4 5.Nxd4 Qc7 6.Bd3 Nf6 7.Be3 b5 8.Nb3 Bb7
9.O-O d6 10.a3 Be7 11.f4 Nbd7 12.Qf3 O-O 13.Qh3 e5 14.Rae1 Rfe8 15.fxe5 dxe5
16.g4 Nc5 17.Nxc5 Bxc5 18.g5 Nd7 19.Nd5 Bxd5 20.exd5 e4 21.Be2 Nb6 22.Rd1 Re5
23.Kh1 Bxe3 24.Qxe3 Nxd5 25.Qg3 Qe7 26.h4 Rc8 27.Qb3 Qc5 28.Bg4 Rc7 29.Qg3 Rce7
30.Rf5 Nc7 31.Rd8+ Ne8 32.Rxe5 Qxe5 33.Qe3 g6 34.Bd7 Kg7 35.h5 gxh5 36.Qh3 Kg6
37.Ra8 f6 38.Rxa6 Qxg5 39.Bxe8+ Rxe8 40.Ra7 Qc1+ 41.Kh2 Qxc2+ 42.Kh1 Qb1+
43.Kh2 Qxb2+ 44.Kh1 Qc1+ 45.Kh2 Qd2+ 46.Kh1 Qe1+ 47.Kg2 Qe2+ 48.Kh1 Rd8 49.Rd7 Rxd7
50.Qxd7 Qf1+ 51.Kh2 Qf4+  0-1

[Event "TCh-BUL w"]
[Site "Pamporovo BUL"]
[Date "2001.10.04"]
[Round "3"]
[White "Bednikova,S"]
[Black "Nikolova,N"]
[Result "1/2-1/2"]
[WhiteElo "2255"]
[BlackElo "2065"]

1.e4 c5 2.Nf3 e6 3.Nc3 a6 4.d4 cxd4 5.Nxd4 b5 6.a3 Bb7 7.Be3 Qc7 8.Bd3 Nf6
9.O-O d5 10.exd5 Nxd5 11.f4 Nd7 12.f5 e5 13.Nf3 Bc5 14.Bxc5 Qxc5+ 15.Kh1 O-O
16.Re1 Rfe8 17.Ng5 N5f6 18.Nce4 Nxe4 19.Bxe4 Bxe4 20.Rxe4 Qf2 21.Qd5 Qxf5
22.Rae1 Rac8  1/2-1/2